[Event "2013 Blitz Round Robin"]
[Site "SchemingMind.com"]
[Date "2013.02.04"]
[Round "-"]
[White "simpet"]
[Black "fouche"]
[Result "0-1"]
[WhiteCountry "ENG"]
[BlackCountry "COL"]
[WhiteElo "1608"]
[WhiteRD "55"]
[BlackElo "1576"]
[BlackRD "64"]
[GameID "326525"]

1. e4 c5 2. d4 cxd4 3. Nf3 d5 4. Nxd4 dxe4 5. Bb5+ Bd7 6. O-O Nc6 7. Nxc6 Bxc6 8. Bxc6+ bxc6 9. Nc3 Nf6 10. Bg5 e6
11. Qxd8+ Rxd8 12. Bxf6 gxf6 13. Nxe4 Ke7 14. Rad1 Bg7 15. c3 Rxd1 16. Rxd1 Rd8 17. Rxd8 Kxd8 18. Nd6 Ke7 19. Nc8+ Kd7 20. Nxa7 Kc7
21. f4 Kb7 22. Nxc6 Kxc6 23. Kf2 e5 24. f5 Bh6 25. Ke2 Bc1 26. b4 Bb2 27. c4 h5 28. Kd3 h4 29. h3 Ba3 30. Kc3 e4
31. b5+ Kc5 32. Kb3 Bc1 33. Kc2 Bf4 34. a4 Kxc4 35. b6 Kb4 36. a5 Kxa5 37. b7 Kb6 38. b8=Q+ Bxb8 39. Kd2 Kc5 40. Ke2 Kd4
41. g4 Bg3 42. Kd2 e3+ 43. Ke2 Ke4 44. Kd1 Kd3
0-1

[Event "2013 Blitz Round Robin"]
[Site "SchemingMind.com"]
[Date "2013.02.04"]
[Round "-"]
[White "simpet"]
[Black "Jacek"]
[Result "0-1"]
[WhiteCountry "ENG"]
[BlackCountry "POL"]
[WhiteElo "1629"]
[WhiteRD "54"]
[BlackElo "1780"]
[BlackRD "70"]
[GameID "326526"]

1. e4 e6 2. d4 d5 3. e5 c5 4. Nf3 Qb6 5. Bd3 cxd4 6. Ng5 Bb4+ 7. Nd2 Nc6 8. Qh5 Nxe5 9. f4 Nf6 10. Qh4 Nxd3+
11. cxd3 Bxd2+ 12. Bxd2 Bd7 13. b3 O-O 14. O-O Bb5 15. Qh3 Qa6 16. Rfc1 Bxd3 17. Rc7 Rac8 18. Rxc8 Rxc8 19. Nxe6 fxe6 20. f5 Bxf5
21. Qg3 Ne4 22. Qe1 Rc2 23. Bb4 d3 24. a4 Qb6+ 25. Kf1 Rf2+
0-1

[Event "2013 Blitz Round Robin"]
[Site "SchemingMind.com"]
[Date "2013.02.04"]
[Round "-"]
[White "simpet"]
[Black "Phillip Beckett"]
[Result "1-0"]
[WhiteCountry "ENG"]
[BlackCountry "ENG"]
[WhiteElo "1629"]
[WhiteRD "54"]
[BlackElo "1555"]
[BlackRD "48"]
[GameID "326527"]

1. e4 e5 2. Nc3 Nf6 3. Nf3 Nc6 4. d4 exd4 5. Nxd4 d6 6. Bb5 Bd7 7. Bg5 Be7 8. O-O O-O 9. Re1 Nxd4 10. Bxd7 Nxd7
11. Bxe7 Qxe7 12. Qxd4 Qe5 13. Qxe5 Nxe5 14. f4 Nc4 15. b3 Nb6 16. a4 Rae8 17. a5 Nd7 18. g4 g6 19. h4 f5 20. exf5 gxf5
21. g5 Kf7 22. Rac1 Rxe1+ 23. Rxe1 Re8 24. Rxe8 Kxe8 25. Nb5 Kd8 26. h5 a6 27. Nd4 Nc5 28. Nxf5 Ne6 29. g6 Nxf4 30. gxh7
1-0

[Event "2013 Blitz Round Robin"]
[Site "SchemingMind.com"]
[Date "2013.02.05"]
[Round "-"]
[White "simpet"]
[Black "NAZRIZ1977"]
[Result "1-0"]
[WhiteCountry "ENG"]
[BlackCountry "WLS"]
[WhiteElo "1629"]
[WhiteRD "54"]
[BlackElo "1675"]
[BlackRD "62"]
[GameID "326528"]

1. e4 d6 2. d4 Nf6 3. Nc3 e5 4. Be3 Nbd7 5. Nf3 Be7 6. Bc4 h6 7. Qd2 c6 8. O-O Qc7 9. Bd3 Nf8 10. d5 c5
11. Nb5 Qd7 12. Qe2 a6 13. a4 g5 14. Bd2 Ng6 15. b3 Rg8 16. Ba5 Nf4 17. Qd2 Nxg2 18. Nc7+ Kf8 19. Nxa8 Qg4 20. Nxe5 dxe5
21. f3 Qh5 22. Qxg2 Bh3 23. Qf2 g4 24. f4 Nd7 25. Nc7 c4 26. Ne6+ fxe6 27. fxe5+ Ke8 28. Qf7+ Qxf7 29. Rxf7
1-0

[Event "2013 Blitz Round Robin"]
[Site "SchemingMind.com"]
[Date "2013.02.09"]
[Round "-"]
[White "simpet"]
[Black "SAMAEL"]
[Result "0-1"]
[WhiteCountry "ENG"]
[BlackCountry "CAN"]
[WhiteElo "1608"]
[WhiteRD "55"]
[BlackElo "1713"]
[BlackRD "45"]
[GameID "326529"]

1. e4 e5 2. Nf3 Nc6 3. Bb5 d6 4. O-O Nf6 5. d4 exd4 6. Nxd4 Bd7 7. Nxc6 Bxc6 8. Bxc6+ bxc6 9. Re1 Be7 10. Bg5 O-O
11. Nd2 h6 12. Bh4 Rb8 13. b3 Re8 14. Nf3 Nh7 15. Bxe7 Rxe7 16. e5 d5 17. Qd4 a6 18. Re3 Nf8 19. Rae1 Ne6 20. Qg4 c5
21. Rd1 c6 22. Nh4 Kh7 23. Rg3 Rb4 24. c4 Qf8 25. Rdd3 Ng5 26. f4 Ne4 27. Rh3 Qg8 28. cxd5 cxd5 29. Rxd5 g6 30. a3 Rb6
31. Re3 f5 32. exf6 Rxf6 33. Rxc5 Qd8 34. Rc2 Qd4 35. Re2 Qd1+
0-1

[Event "2013 Blitz Round Robin"]
[Site "SchemingMind.com"]
[Date "2013.02.04"]
[Round "-"]
[White "simpet"]
[Black "murgu"]
[Result "0-1"]
[WhiteCountry "ENG"]
[BlackCountry "ROU"]
[WhiteElo "1629"]
[WhiteRD "54"]
[BlackElo "1759"]
[BlackRD "104"]
[GameID "326530"]

1. e4 c5 2. Nf3 Nc6 3. d4 cxd4 4. Nxd4 g6 5. Bc4 Nf6 6. Nxc6 bxc6 7. Qf3 Bg7 8. e5 Qa5+ 9. Nc3 Qxe5+ 10. Be3 d5
11. Bb3 Bg4 12. Qf4 Qxf4 13. Bxf4 Nh5 14. Be3 d4 15. Bxd4 Bxd4 16. O-O Bxc3 17. bxc3 O-O 18. Rfe1 Rfe8 19. Rad1 Bxd1 20. Rxd1 Red8
21. Re1 e6 22. g4 Nf4 23. f3 Rd2 24. Re4 Ne2+ 25. Kh1 Nxc3 26. Rc4 Nd5 27. Rxc6 Ne3 28. h4 a5 29. a4 Rf2 30. h5 Rxf3
31. hxg6 hxg6 32. g5 Kg7
0-1

[Event "2013 Blitz Round Robin"]
[Site "SchemingMind.com"]
[Date "2013.02.04"]
[Round "-"]
[White "fouche"]
[Black "simpet"]
[Result "0-1"]
[WhiteCountry "COL"]
[BlackCountry "ENG"]
[WhiteElo "1576"]
[WhiteRD "64"]
[BlackElo "1608"]
[BlackRD "55"]
[GameID "326531"]

1. d4 Nc6 2. Nf3 Nf6 3. e3 Ne4 4. Bd3 d5 5. O-O Bg4 6. Nbd2 f5 7. Re1 Qd6 8. a3 h6 9. c4 e6 10. c5 Qe7
11. b4 g5 12. Qc2 Bg7 13. Nxe4 fxe4 14. Ne5 Nxe5 15. Bxe4 dxe4 16. Qxe4 c6 17. dxe5 Bf5 18. Qc4 Bxe5 19. Ra2 Qc7 20. h3 O-O-O
21. a4 Rd3 22. e4 Rd4 23. Qc2 Bg6 24. Bb2 Rxb4 25. Bxe5 Qxe5 26. f3 Rd8 27. a5 a6 28. Rd1 Rxd1+ 29. Qxd1 Qxc5+ 30. Kh1 Rd4
31. Qe1 Rc4 32. Rd2 Rc1 33. Rd1 Rxd1 34. Qxd1 Qxa5 35. Qd6 Qe1+ 36. Kh2 Bxe4 37. Qxe6+ Kb8 38. fxe4 h5 39. Qe8+ Ka7 40. Qe7 Qe3
41. e5 c5 42. Qf6 c4 43. e6 c3 44. e7 c2 45. Qf7 Qe5+
0-1

[Event "2013 Blitz Round Robin"]
[Site "SchemingMind.com"]
[Date "2013.02.04"]
[Round "-"]
[White "Jacek"]
[Black "simpet"]
[Result "1-0"]
[WhiteCountry "POL"]
[BlackCountry "ENG"]
[WhiteElo "1780"]
[WhiteRD "70"]
[BlackElo "1629"]
[BlackRD "54"]
[GameID "326532"]

1. e4 Nc6 2. Nc3 f5 3. exf5 d6 4. Qh5+ g6 5. fxg6 Nf6 6. g7+ Nxh5 7. gxh8=Q Nf6 8. Bd3 Qd7 9. Nf3 Qe6+ 10. Kf1 Ne5
11. Ng5 Qg4 12. Nxh7 Nxh7 13. h3 Qg5 14. Qxh7 Nxd3 15. Qxd3 Bf5 16. Qb5+ Kd8 17. d3 Qg6 18. Qxb7 Rc8 19. Qxa7 Bg7 20. Qe3 Kd7
21. Bd2 Rf8 22. Nd5 Rf7 23. Re1 Bh6 24. Qxh6 Bxd3+ 25. Kg1 Qf5 26. cxd3 Qxd5 27. Be3 Rf6 28. Qg7 Rf7 29. Qg4+ Rf5 30. Kh2 Qe5+
31. g3 Qf6 32. Re2 e6 33. Rc1 Rf3 34. Kg2 Rf5 35. Qa4+
1-0

[Event "2013 Blitz Round Robin"]
[Site "SchemingMind.com"]
[Date "2013.02.04"]
[Round "-"]
[White "Phillip Beckett"]
[Black "simpet"]
[Result "0-1"]
[WhiteCountry "ENG"]
[BlackCountry "ENG"]
[WhiteElo "1555"]
[WhiteRD "48"]
[BlackElo "1629"]
[BlackRD "54"]
[GameID "326533"]

1. e4 Nc6 2. d4 f5 3. Nc3 Nf6 4. Nf3 d6 5. Be2 fxe4 6. Nd2 Nxd4 7. Ndxe4 Bf5 8. Bb5+ c6 9. Nxf6+ gxf6 10. Qxd4 cxb5
11. Nd5 Bxc2 12. Be3 e6 13. Nb4 Bf5 14. O-O h5 15. Bg5 Bg7 16. Bh4 a5 17. Nd3 Rc8 18. Rfc1 Kf7 19. Rxc8 Qxc8 20. Rc1 Qd7
21. Qc3 a4 22. Nf4 Bh6 23. Qa5 Bxf4 24. Rc7 e5 25. Rxd7+ Bxd7 26. g3 Bh6 27. Kg2 Rc8 28. Qb6 Ke6 29. Qxb7 Bc6+
0-1

[Event "2013 Blitz Round Robin"]
[Site "SchemingMind.com"]
[Date "2013.02.05"]
[Round "-"]
[White "NAZRIZ1977"]
[Black "simpet"]
[Result "0-1"]
[WhiteCountry "WLS"]
[BlackCountry "ENG"]
[WhiteElo "1675"]
[WhiteRD "62"]
[BlackElo "1629"]
[BlackRD "54"]
[GameID "326534"]

1. c4 Nf6 2. g3 e5 3. Bg2 h5 4. h4 Bc5 5. Nc3 Ng4 6. e3 d6 7. Nge2 Nd7 8. O-O f5 9. d4 Bb4 10. a3 Bxc3
11. Nxc3 e4 12. f3 exf3 13. Qxf3 Ndf6 14. e4 g6 15. exf5 gxf5 16. Bg5 c6 17. Rae1+ Kf7 18. b4 Qb6 19. c5 dxc5 20. dxc5 Qc7
21. Bf4 Qd7 22. Rd1 Qe6 23. Rfe1 Qa2 24. Bd6 Be6 25. Rxe6 Qxe6 26. Rf1 Qe3+ 27. Qxe3 Nxe3 28. Rf3 Nxg2 29. Kxg2 Kg6
0-1

[Event "2013 Blitz Round Robin"]
[Site "SchemingMind.com"]
[Date "2013.02.09"]
[Round "-"]
[White "SAMAEL"]
[Black "simpet"]
[Result "1-0"]
[WhiteCountry "CAN"]
[BlackCountry "ENG"]
[WhiteElo "1717"]
[WhiteRD "52"]
[BlackElo "1629"]
[BlackRD "54"]
[GameID "326535"]

1. e4 e5 2. Nf3 Nc6 3. Nc3 f5 4. Be2 Nf6 5. O-O Bc5 6. h3 fxe4 7. Nh2 O-O 8. Re1 d5 9. Na4 Bd6 10. Ng4 Nxg4
11. Bxg4 Bxg4 12. Qxg4 Rf4 13. Qe6+ Kh8 14. d3 Nb4 15. Bxf4 Nxc2 16. Bd2 exd3 17. Rac1 Nxe1 18. Rxe1 e4 19. Kh1 c6 20. Qf7 b5
21. Nc3 a5 22. Nd1 a4 23. Bc3 Qe7 24. Bxg7#
1-0

[Event "2013 Blitz Round Robin"]
[Site "SchemingMind.com"]
[Date "2013.02.04"]
[Round "-"]
[White "murgu"]
[Black "simpet"]
[Result "1-0"]
[WhiteCountry "ROU"]
[BlackCountry "ENG"]
[WhiteElo "1759"]
[WhiteRD "104"]
[BlackElo "1629"]
[BlackRD "54"]
[GameID "326536"]

1. Nf3 Nc6 2. d4 f5 3. c4 e6 4. d5 exd5 5. cxd5 Nb4 6. a3 Na6 7. Qc2 d6 8. Bg5 Be7 9. h4 h6 10. Bf4 Bf6
11. Nc3 Ne7 12. O-O-O Bd7 13. e4 Nc5 14. e5 dxe5 15. Nxe5 Bxe5 16. Bxe5 O-O 17. d6 cxd6 18. Bc4+ Kh8 19. Bxd6 Ne6 20. Rhe1 Rf6
21. Bxe7 Qxe7 22. Nd5 Qc5 23. Nxf6 Nd4 24. Qc3 gxf6 25. Qxd4 Qxd4 26. Rxd4 Bc6 27. g3 Be4 28. Bd3 Rc8+ 29. Kd2 Bxd3 30. Kxd3
1-0

[Event "2013 Blitz Round Robin"]
[Site "SchemingMind.com"]
[Date "2013.02.08"]
[Round "-"]
[White "vitrazv"]
[Black "fouche"]
[Result "1-0"]
[WhiteCountry "MEX"]
[BlackCountry "COL"]
[WhiteElo "1981"]
[WhiteRD "85"]
[BlackElo "1576"]
[BlackRD "64"]
[GameID "326693"]

1. e4 c5 2. Nf3 Nc6 3. c3 d6 4. d4 cxd4 5. cxd4 Nf6 6. Nc3 Bg4 7. d5 Ne5 8. Nxe5 Bxd1 9. Bb5+ Nd7 10. Bxd7+ Qxd7
11. Nxd7 Kxd7 12. Kxd1 e5 13. f4 a6 14. fxe5 dxe5 15. Rf1 Bb4 16. Rxf7+ Kd6 17. Rxb7 Bxc3 18. bxc3
1-0

[Event "2013 Blitz Round Robin"]
[Site "SchemingMind.com"]
[Date "2013.02.07"]
[Round "-"]
[White "vitrazv"]
[Black "Jacek"]
[Result "1-0"]
[WhiteCountry "MEX"]
[BlackCountry "POL"]
[WhiteElo "1988"]
[WhiteRD "92"]
[BlackElo "1780"]
[BlackRD "70"]
[GameID "326694"]

1. e4 c5 2. c3 d5 3. e5 Nc6 4. d4 Bf5 5. Bb5 e6 6. Bxc6+ bxc6 7. Ne2 Qa5 8. Nd2 f6 9. f4 Nh6 10. Nb3 Qc7
11. Nxc5 Bxc5 12. dxc5 fxe5 13. fxe5 Ng4 14. O-O O-O 15. Bf4 Rab8 16. Nd4 Rxb2 17. h3 Nxe5 18. Qc1 Rbb8 19. Qe1 Be4 20. Qg3 Rxf4
21. Qxf4 Re8 22. Qf8+ Rxf8 23. Rxf8+ Kxf8 24. Nxe6+ Ke7 25. Nxc7 Kd7 26. Na6 Nd3 27. Rb1 Ke6 28. Rb7 Nf4 29. Kf2 Kf6 30. Rc7 Bxg2
31. Rxc6+ Ke5 32. h4 Be4 33. Rc7 g5 34. hxg5 Nh3+ 35. Ke3 Nxg5 36. Rxa7 h5 37. Nb4 h4 38. c6 h3 39. c7 Bf5 40. Ra5 Bg4
41. Rxd5+ Kf6 42. Nd3 h2 43. Nf2 Bh3 44. Rd8 Nf7 45. c8=Q
1-0

[Event "2013 Blitz Round Robin"]
[Site "SchemingMind.com"]
[Date "2013.02.07"]
[Round "-"]
[White "vitrazv"]
[Black "Phillip Beckett"]
[Result "0-1"]
[WhiteCountry "MEX"]
[BlackCountry "ENG"]
[WhiteElo "1988"]
[WhiteRD "92"]
[BlackElo "1555"]
[BlackRD "48"]
[GameID "326695"]

1. e4 e5 2. Nf3 Nc6 3. Bb5 a6 4. Ba4 Nf6 5. O-O Be7 6. Re1 b5 7. Bb3 O-O 8. c3 d5 9. exd5 Nxd5 10. Nxe5 Nxe5
11. Rxe5 Nf6 12. h3 Bd6 13. Re1 Ng4 14. Qf3 Qh4 15. Re8 Bb7 16. Bxf7+ Kh8 17. Rxf8+ Rxf8 18. Qxg4 Qe7 19. Qe6 Qg5 20. Qg4 Qe5
21. Kf1 Qh2 22. Ke2 Qg1 23. Na3 Rxf7 24. b4 Rf4 25. Qxf4 Bxf4 26. Nc2 Qxg2 27. Ne1 Qxh3 28. d4 Qg4+ 29. f3 Qe6+ 30. Kd1 Bxc1
31. Rxc1 Qe3 32. Rc2 Bxf3+ 33. Nxf3 Qxf3+ 34. Kc1 h5 35. Kb2 h4 36. c4 h3 37. cxb5 axb5 38. Rxc7 Qg2+ 39. Rc2 Qg1 40. Rc8+ Kh7
41. Rc3 Qxd4 42. Kb3 Qxc3+
0-1

[Event "2013 Blitz Round Robin"]
[Site "SchemingMind.com"]
[Date "2013.02.07"]
[Round "-"]
[White "vitrazv"]
[Black "NAZRIZ1977"]
[Result "1-0"]
[WhiteCountry "MEX"]
[BlackCountry "WLS"]
[WhiteElo "1981"]
[WhiteRD "85"]
[BlackElo "1590"]
[BlackRD "64"]
[GameID "326696"]

1. e4 d6 2. d4 Nf6 3. Nc3 e5 4. dxe5 dxe5 5. Qxd8+ Kxd8 6. Bg5 Bd6 7. Nd5 Nd7 8. Bc4 Ke8 9. Nxf6+ Nxf6 10. Bxf6 gxf6
11. O-O-O Be6 12. Bd5 Rb8 13. f3 Ke7 14. Ne2 Rhg8 15. g3 h5 16. Rd3 f5 17. Nc3 f4 18. gxf4 exf4 19. Nb5 Be5 20. Nxa7 c6
21. Bxe6
1-0

[Event "2013 Blitz Round Robin"]
[Site "SchemingMind.com"]
[Date "2013.02.07"]
[Round "-"]
[White "vitrazv"]
[Black "simpet"]
[Result "1-0"]
[WhiteCountry "MEX"]
[BlackCountry "ENG"]
[WhiteElo "1988"]
[WhiteRD "92"]
[BlackElo "1629"]
[BlackRD "54"]
[GameID "326697"]

1. e4 Nf6 2. e5 Nd5 3. c4 Nb4 4. a3 N4c6 5. d4 d6 6. f4 Bf5 7. d5 dxe5 8. dxc6 Qxd1+ 9. Kxd1 Nxc6 10. Nf3 e4
11. Nh4 O-O-O+ 12. Kc2 Nd4+ 13. Kc3 Be6 14. Be3 c5 15. f5 Nxf5 16. Nxf5 Bxf5 17. Bxc5 b6 18. Bd4 f6 19. Nd2 e5 20. Bf2 g6
21. Re1 Bh6 22. Nxe4 Bxe4 23. Rxe4 f5 24. Re2 e4 25. Bd4 Rhe8 26. g3 Rd7 27. Bg2 Bg7 28. Bxg7 Rxg7 29. Rd1 Rc7 30. Red2 b5
31. b3 bxc4 32. bxc4 Re6 33. Rd8+ Kb7 34. R1d6 Ree7 35. a4 a5 36. Rd5 Kb6 37. R8d6+ Rc6 38. Rb5+ Kc7 39. Rdd5 Ra6 40. Rxa5 Rxa5
41. Rxa5 Kb6 42. Rb5+ Ka6 43. c5 Rd7 44. Bf1 Rd1 45. Rb1+ Ka5 46. Rxd1 Kxa4 47. Ra1#
1-0

[Event "2013 Blitz Round Robin"]
[Site "SchemingMind.com"]
[Date "2013.02.12"]
[Round "-"]
[White "vitrazv"]
[Black "SAMAEL"]
[Result "1-0"]
[WhiteCountry "MEX"]
[BlackCountry "CAN"]
[WhiteElo "1981"]
[WhiteRD "85"]
[BlackElo "1713"]
[BlackRD "45"]
[GameID "326698"]

1. e4 e5 2. Nf3 Nc6 3. Bb5 d6 4. d4 exd4 5. Bxc6+ bxc6 6. Qxd4 c5 7. Qd3 Nf6 8. O-O Be7 9. e5 dxe5 10. Qxd8+ Bxd8
11. Nxe5 O-O 12. Nc3 Re8 13. Nc6 Bf5 14. Be3 Bxc2 15. Bxc5 Nd7 16. Bxa7 Bf6 17. Bd4 Bxd4 18. Nxd4 Bg6 19. Ndb5 Rec8 20. Nd5 Kf8
21. Nbxc7 Ra7 22. Rfc1 Rb8 23. b4 Be4 24. a4 Bxd5 25. Nxd5 Nb6 26. Nxb6 Rxb6 27. b5 Ke8 28. f4 f5 29. Rc5 g6 30. a5
1-0

[Event "2013 Blitz Round Robin"]
[Site "SchemingMind.com"]
[Date "2013.02.09"]
[Round "-"]
[White "vitrazv"]
[Black "murgu"]
[Result "0-1"]
[WhiteCountry "MEX"]
[BlackCountry "ROU"]
[WhiteElo "1981"]
[WhiteRD "85"]
[BlackElo "1900"]
[BlackRD "80"]
[GameID "326699"]

1. e4 c5 2. Nf3 Nc6 3. c3 Nf6 4. e5 Nd5 5. d4 cxd4 6. cxd4 d6 7. Bc4 Nb6 8. Bb5 Bd7 9. Nc3 e6 10. O-O dxe5
11. dxe5 Nb4 12. Bg5 Be7 13. Bxd7+ Qxd7 14. Ne4 Qxd1 15. Rfxd1 Rc8 16. Rac1 Rxc1 17. Rxc1 Nc6 18. Bxe7 Kxe7 19. Nd6 Rb8 20. Nxb7 Rxb7
21. Rxc6 Nd5 22. b3 Nb4 23. Rc4 Nxa2 24. Nd4 Kd7 25. f4 Rc7 26. Rxc7+ Kxc7 27. Kf2 Kb6 28. f5 exf5 29. Nxf5 Nc1 30. Nxg7 Nxb3
31. Ke3 a5 32. Kd3 Kc5 33. Nf5 Kb4 34. Kc2 a4 35. Ne7 Na5 36. Nd5+ Kc4 37. Ne3+ Kd4 38. Ng4 Nc4 39. Nf6 h6 40. Nd7 Ne3+
41. Kb2 Nxg2 42. Ka3 Kd5 43. Nf6+ Ke6 44. Kxa4 Ne3 45. Ng8 h5 46. Nf6 h4 47. Ne4 Kxe5 48. Ng5 f5 49. Kb3 Kf4 50. Ne6+ Kg4
51. Kc3 Nf1 52. Kd3 Nxh2 53. Ke3 h3 54. Ke2 Nf3 55. Kf2 Nd2 56. Nd4 f4 57. Nc6 Ne4+ 58. Kf1 f3 59. Ne5+ Kg3 60. Nxf3 Kxf3
61. Kg1 Kg3 62. Kf1 h2
0-1

[Event "2013 Blitz Round Robin"]
[Site "SchemingMind.com"]
[Date "2013.02.08"]
[Round "-"]
[White "fouche"]
[Black "vitrazv"]
[Result "0-1"]
[WhiteCountry "COL"]
[BlackCountry "MEX"]
[WhiteElo "1576"]
[WhiteRD "64"]
[BlackElo "1981"]
[BlackRD "85"]
[GameID "326700"]

1. d4 d5 2. c4 e6 3. Nc3 Nf6 4. Nf3 Bb4 5. e3 Bxc3+ 6. bxc3 Ne4 7. Qc2 O-O 8. cxd5 exd5 9. Bd3 Re8 10. O-O c5
11. Nd2 Bf5 12. Nxe4 Bxe4 13. Bxe4 Rxe4 14. Ba3 Na6 15. Rae1 Qa5 16. Bc1 Rd8 17. f3 Re6 18. e4 cxd4 19. cxd4 dxe4
0-1

[Event "2013 Blitz Round Robin"]
[Site "SchemingMind.com"]
[Date "2013.02.07"]
[Round "-"]
[White "Jacek"]
[Black "vitrazv"]
[Result "1/2-1/2"]
[WhiteCountry "POL"]
[BlackCountry "MEX"]
[WhiteElo "1780"]
[WhiteRD "70"]
[BlackElo "1988"]
[BlackRD "92"]
[GameID "326701"]

1. e4 e5 2. Bc4 Nf6 3. d4 exd4 4. Nf3 Nc6 5. O-O Nxe4 6. Re1 d5 7. Bxd5 Qxd5 8. Nc3 Qa5 9. Rxe4+ Be6 10. Nxd4 O-O-O
11. Be3 Nxd4 12. Rxd4 Ba3 13. Qc1 Qxc3 14. bxc3 Bxc1 15. Rxc1 b6 16. Rcd1 a5 17. a3 c5 18. Rd6 Rxd6 19. Rxd6 Rd8 20. Rxd8+ Kxd8
21. f3 Bf5 22. Kf2 Bxc2 23. h4 h5 24. g4 g6 25. g5 Ke7 26. Ke2 Ke6 27. Kd2 Bf5 28. Bf4 Kd5 29. Bc7 Kc6 30. Bd8 a4
31. c4 b5 32. cxb5+ Kxb5 33. Kc3 Kc6 34. Be7 Bh3 35. Kd2 Kd5 36. Bf8 Bg2 37. Ke2 Kc4 38. Ke3 Kb5 39. Be7 Bh3 40. Ke4 c4
41. Bb4 Bf5+ 42. Ke5 Bc8 43. Kf6 Kc6 44. Kxf7 Bf5 45. Kf6 Kd5 46. Bc3 Bd3 47. Be5 c3 48. Bxc3 Kc4 49. Bd2 Kd4 50. Bf4 Bf5
51. Bc1 Kd3 52. Ke5 Ke2 53. Kf4 Kf2 54. Be3+ Kg2 55. Bd2 Kh3 56. Be1 Kg2 57. Bd2 Kh3=
1/2-1/2

[Event "2013 Blitz Round Robin"]
[Site "SchemingMind.com"]
[Date "2013.02.07"]
[Round "-"]
[White "Phillip Beckett"]
[Black "vitrazv"]
[Result "0-1"]
[WhiteCountry "ENG"]
[BlackCountry "MEX"]
[WhiteElo "1555"]
[WhiteRD "48"]
[BlackElo "1988"]
[BlackRD "92"]
[GameID "326702"]

1. d4 d5 2. e3 Nf6 3. Bd3 Nc6 4. f4 Bg4 5. Nf3 h6 6. c3 Qd7 7. O-O O-O-O 8. b4 Ne4 9. Qc2 f6 10. Bxe4 dxe4
11. Qxe4 Bf5 12. Ne5 Nxe5
0-1

[Event "2013 Blitz Round Robin"]
[Site "SchemingMind.com"]
[Date "2013.02.07"]
[Round "-"]
[White "NAZRIZ1977"]
[Black "vitrazv"]
[Result "0-1"]
[WhiteCountry "WLS"]
[BlackCountry "MEX"]
[WhiteElo "1590"]
[WhiteRD "64"]
[BlackElo "1981"]
[BlackRD "85"]
[GameID "326703"]

1. c4 e5 2. g3 Nf6 3. Bg2 Nc6 4. Nc3 g6 5. d3 Bg7 6. Nf3 d6 7. Bg5 h6 8. Bxf6 Bxf6 9. O-O O-O 10. Rb1 a6
11. b4 Bg4 12. h3 Be6 13. Kh2 Ne7 14. a4 Rb8 15. b5 axb5 16. Rxb5 Bd7 17. Rb3 b6 18. Ra3 Ra8 19. Nd2 Ra6 20. Nb3 Bg7
21. Nb5 d5 22. Qc1 c6 23. Nd6 Qc7
0-1

[Event "2013 Blitz Round Robin"]
[Site "SchemingMind.com"]
[Date "2013.02.07"]
[Round "-"]
[White "simpet"]
[Black "vitrazv"]
[Result "0-1"]
[WhiteCountry "ENG"]
[BlackCountry "MEX"]
[WhiteElo "1629"]
[WhiteRD "54"]
[BlackElo "1988"]
[BlackRD "92"]
[GameID "326704"]

1. e4 e5 2. Nf3 Nc6 3. Bc4 h6 4. O-O Nf6 5. d3 Be7 6. Nc3 d6 7. Be3 Bg4 8. h3 Bh5 9. Nd5 Na5 10. Nxe7 Nxc4
11. dxc4 Qxe7 12. b4 Qe6 13. Kh2 Qxc4 14. g4 Bg6 15. Nd2 Qxb4 16. f3 Qc3 17. Bf2 d5 18. Re1 dxe4 19. fxe4 O-O-O 20. Re2 h5
21. g5 Ng4+ 22. Kg2 Rxd2 23. Rxd2 Bxe4+ 24. Kf1 Qxh3+ 25. Ke1 Qh1+ 26. Ke2 Bf3+ 27. Kd3 Nxf2+ 28. Rxf2 Bxd1 29. Ke3 Qe1+
0-1

[Event "2013 Blitz Round Robin"]
[Site "SchemingMind.com"]
[Date "2013.02.12"]
[Round "-"]
[White "SAMAEL"]
[Black "vitrazv"]
[Result "0-1"]
[WhiteCountry "CAN"]
[BlackCountry "MEX"]
[WhiteElo "1713"]
[WhiteRD "45"]
[BlackElo "1981"]
[BlackRD "85"]
[GameID "326705"]

1. Nf3 d5 2. e3 Nc6 3. d4 Nf6 4. c4 e6 5. Nc3 Bb4 6. Bd2 O-O 7. a3 Bxc3 8. Bxc3 Ne4 9. Qc2 f5 10. Be2 f4
11. O-O fxe3 12. fxe3 Nxc3 13. Qxc3 Rb8 14. Rac1 Bd7 15. cxd5 exd5 16. Nd2 Qg5 17. Kh1 Kh8 18. Nf3 Qe7 19. h3 Rbe8 20. Nh2 Rxf1+
21. Rxf1 g6 22. Rf3 Qd6 23. Rf2 Bf5 24. Bg4 Bxg4 25. Nxg4 Kg7 26. Qd2 h5 27. Nh2 Qe6 28. Re2 Ne7 29. Nf1 Nf5 30. Qc3 Qb6
31. Kg1 Re6 32. Qd2 Rc6 33. Kh2 h4 34. g4 Nd6 35. Qe1 g5 36. Qd1 Ne4 37. Nd2 Rf6 38. Nxe4 dxe4 39. Qg1 Qd6+ 40. Kh1 Qf8
41. Kg2 Rf3
0-1

[Event "2013 Blitz Round Robin"]
[Site "SchemingMind.com"]
[Date "2013.02.09"]
[Round "-"]
[White "murgu"]
[Black "vitrazv"]
[Result "1-0"]
[WhiteCountry "ROU"]
[BlackCountry "MEX"]
[WhiteElo "1900"]
[WhiteRD "80"]
[BlackElo "1981"]
[BlackRD "85"]
[GameID "326706"]

1. Nf3 d5 2. d4 Nc6 3. c4 e6 4. Nc3 Bb4 5. cxd5 exd5 6. Qc2 Be6 7. Bg5 Nf6 8. e3 h6 9. Bxf6 Qxf6 10. Bd3 O-O-O
11. a3 Be7 12. b4 Kb8 13. O-O Bg4 14. b5 Bxf3 15. bxc6 Qg5 16. g3 b6 17. a4 Qh5 18. Rfc1 a5 19. Rab1 Bb4 20. Na2 Qh3
21. Bf1 Qg4 22. Nxb4 axb4 23. Rxb4 Ka8 24. Qd3 Qc8 25. a5 b5 26. Qxb5 Qb8 27. Qa6+ Qa7 28. Qb7+ Qxb7 29. cxb7+ Kb8 30. a6 Ka7
31. Rxc7 Rb8 32. Rxf7 Rhf8 33. Rxg7 h5 34. Rb3 h4 35. Rc3 Bh5 36. g4 Bf7 37. Rc7 Be6 38. f4 Rg8 39. f5 Rxg7 40. Rxg7 Bg8
41. f6 Rf8 42. g5 Be6 43. Kf2 Kb8 44. Kf3 Ka7 45. Kf4 Bf7 46. g6 Bxg6 47. Rxg6 Kb8 48. Ke5 Ka7 49. Kxd5 h3 50. e4 Rd8+
51. Kc5 Rf8 52. e5 Rb8 53. f7 Rf8 54. Rg8 Rxg8 55. fxg8=N Kb8 56. Kc6 Ka7 57. Bxh3 Kb8 58. a7+ Kxa7 59. Kc7 Ka6 60. b8=Q Ka5
61. Bd7 Ka6 62. Qa8#
1-0

[Event "2013 Blitz Round Robin"]
[Site "SchemingMind.com"]
[Date "2013.02.18"]
[Round "-"]
[White "krzysztof"]
[Black "fouche"]
[Result "0-1"]
[WhiteCountry "POL"]
[BlackCountry "COL"]
[WhiteElo "1477"]
[WhiteRD "66"]
[BlackElo "1576"]
[BlackRD "64"]
[GameID "327136"]

1. e4 c6 2. Nc3 d5 3. exd5 cxd5 4. Bb5+ Nc6 5. Qf3 e6 6. Bxc6+ bxc6 7. d4 Nf6 8. Bg5 Be7 9. Nge2 O-O 10. Nf4 Ba6
11. Qg3 Ne4 12. Nxe4 dxe4 13. Bxe7 Qxe7 14. O-O-O c5 15. dxc5 Qxc5 16. Rhe1 Bb7 17. Rd7 Bd5 18. Nh5 Qd4 19. Rd1 Qxd1+ 20. Kxd1 g6
21. Nf6+ Kg7
0-1

[Event "2013 Blitz Round Robin"]
[Site "SchemingMind.com"]
[Date "2013.02.17"]
[Round "-"]
[White "krzysztof"]
[Black "Jacek"]
[Result "0-1"]
[WhiteCountry "POL"]
[BlackCountry "POL"]
[WhiteElo "1477"]
[WhiteRD "66"]
[BlackElo "1815"]
[BlackRD "70"]
[GameID "327137"]

1. e4 e6 2. Nf3 d5 3. e5 c5 4. c3 d4 5. cxd4 cxd4 6. Bb5+ Bd7 7. Qa4 Nc6 8. Na3 Nge7 9. Nxd4 Nxe5 10. Bxd7+ Nxd7
11. Nc4 Nd5 12. b3 a6 13. b4 Bxb4 14. Qb3 Nc5 15. Qg3 O-O 16. O-O Ne4 17. Qb3 b5 18. Ne5 Nc5 19. Qf3 Rc8 20. Bb2 Bxd2
21. Nec6 Qb6 22. Ba3 b4 23. Bc1 Bc3 24. Rb1 Rxc6 25. Nxc6 Qxc6 26. Qg3 Ne4 27. Qg4 Ndf6 28. Qe2 Rd8 29. Rd1 Rxd1+ 30. Qxd1 Nd5
31. Qg4 Qc5 32. Be3 Qc4 33. a3 f5 34. Qf3 a5 35. axb4 axb4 36. Qh5 Ndf6 37. Qf3 Qd3 38. Rd1 Qb5 39. Rd8+ Kf7 40. Qf4 Be5
41. Qf3 b3 42. Qd1 b2 43. Qb1 Nc3 44. Qe1 b1=Q 45. Qxb1 Qxb1+
0-1